<?xml version="1.0" encoding="UTF-8"?>
<record
    xmlns:xsi="http://www.w3.org/2001/XMLSchema-instance"
    xsi:schemaLocation="http://www.loc.gov/MARC21/slim http://www.loc.gov/standards/marcxml/schema/MARC21slim.xsd"
    xmlns="http://www.loc.gov/MARC21/slim">

  <leader>01373nam a2200205 a 4500</leader>
  <controlfield tag="005">20250724100046.0</controlfield>
  <controlfield tag="008">100630t1995||||ag  |||g      p 1p0dspa d</controlfield>
  <datafield tag="020" ind1=" " ind2=" ">
    <subfield code="a">9500415283</subfield>
  </datafield>
  <datafield tag="041" ind1=" " ind2=" ">
    <subfield code="a">spa</subfield>
  </datafield>
  <datafield tag="092" ind1=" " ind2=" ">
    <subfield code="c">808</subfield>
    <subfield code="l">78</subfield>
    <subfield code="s">SHE</subfield>
  </datafield>
  <datafield tag="100" ind1="1" ind2=" ">
    <subfield code="a">Sheldon, Sidney</subfield>
    <subfield code="9">3940</subfield>
  </datafield>
  <datafield tag="245" ind1=" " ind2=" ">
    <subfield code="a">Ma&#xF1;ana, tarde y noche /</subfield>
    <subfield code="c">Sidney Sheldon</subfield>
  </datafield>
  <datafield tag="250" ind1=" " ind2=" ">
    <subfield code="a">3a ed.</subfield>
    <subfield code="b">Traducci&#xF3;n Nora Watson</subfield>
  </datafield>
  <datafield tag="260" ind1=" " ind2=" ">
    <subfield code="a">Buenos Aires: </subfield>
    <subfield code="b">Emec&#xE9;;</subfield>
    <subfield code="c">1995.</subfield>
  </datafield>
  <datafield tag="300" ind1=" " ind2=" ">
    <subfield code="a">378 p.</subfield>
  </datafield>
  <datafield tag="500" ind1=" " ind2=" ">
    <subfield code="a">Sheldon, S. (1995). Ma&#xF1;ana, tarde y noche. (3a ed.). Buenos Aires : Emec&#xE9;.</subfield>
  </datafield>
  <datafield tag="505" ind1=" " ind2=" ">
    <subfield code="a">Cuando Harry Stanford, uno de los hombres m&#xE1;s ricos del mundo, muere ahogado al caer misteriosamente de su yate que navega frente a las costas de C&#xF3;rcega, el acontecimiento tiene m&#xFA;ltiples repercusiones. La familia se re&#xFA;ne para el funeral, en Boston. Y, de pronto, aparece una bella mujer joven que dice ser hija de Harry Stanford y heredera, por tanto, de una parte de su cuantiosa fortuna. &#xBF;Se trata acaso de una impostora? Los Stanford son gente respetada y poderosa. Pero detr&#xE1;s de la impecable fachada se oculta una madeja de extorsiones, drogas y muerte. Con la habilidad sin par que lo distingue, Sidney Sheldon delinea la trama intrincada y &#xE1;gil de este nuevo gran bestseller. los vaivenes de la historia culminan, como de costumbre, en un final pleno de sorpresa. </subfield>
  </datafield>
  <datafield tag="655" ind1=" " ind2=" ">
    <subfield code="a">Literatura</subfield>
    <subfield code="9">2917</subfield>
  </datafield>
  <datafield tag="942" ind1=" " ind2=" ">
    <subfield code="2">lcc</subfield>
    <subfield code="c">LIT</subfield>
  </datafield>
  <datafield tag="999" ind1=" " ind2=" ">
    <subfield code="c">3277</subfield>
    <subfield code="d">3277</subfield>
  </datafield>
  <datafield tag="952" ind1=" " ind2=" ">
    <subfield code="0">0</subfield>
    <subfield code="1">0</subfield>
    <subfield code="2">ddc</subfield>
    <subfield code="4">0</subfield>
    <subfield code="7">0</subfield>
    <subfield code="a">BFM</subfield>
    <subfield code="b">BFM</subfield>
    <subfield code="c">CR</subfield>
    <subfield code="d">2025-07-24</subfield>
    <subfield code="e">Donaci&#xF3;n Navarro, Adriana. Julio 2025</subfield>
    <subfield code="l">0</subfield>
    <subfield code="o">808 78 SHE</subfield>
    <subfield code="p">5049</subfield>
    <subfield code="r">2025-07-24</subfield>
    <subfield code="t">Ej. 1</subfield>
    <subfield code="w">2025-07-24</subfield>
    <subfield code="y">LIT</subfield>
    <subfield code="z">Donaci&#xF3;n Navarro, Adriana. Julio 2025. Sede Tordos. </subfield>
    <subfield code="f"></subfield>
  </datafield>
</record>
